Stolice z dwoma słowami - Statystyki

Ogólne statystyki
  • Ten quiz został rozwiązany 250 razy
    247 od ostatniego zresetowania
  • Średni wynik to 6 z 20
Statystyki odpowiedzi
Stolica % Poprawnych
Ułan Bator
52%
Buenos Aires
51%
Nowe Delhi
47%
San Marino
47%
Kuala Lumpur
46%
Addis Abeba
40%
Abu Zabi
31%
San Salvador
31%
La Paz
29%
San José
29%
Port Moresby
27%
Santo Domingo
26%
Phnom Penh
24%
Porto-Novo
23%
Port Louis
18%
Port Vila
17%
Saint George's
16%
Saint John’s
16%
São Tomé
12%
Ad-Dauha
5%
Nie znaleziono quizów pasujących do podanych kryteriów
Rozkład punktacji
Procent ludzi z każdym wynikiem
Percentyl według liczby udzielonych odpowiedzi
Twoja historia wyników
Nie rozwiązałeś tego quizu od ostatniego zresetowania